000 00289nam a22001337a 4500
008 170614b xxu||||| |||| 00| 0 eng d
020 _a2900393329192
041 _aeng
080 _a32
100 _a19
101 _aSHP
245 _aTAMING AMERICAN POWER
_cWALT,S.M
942 _2udc
_cBK
999 _c17301
_d17301